ARRUPE JESUIT UNIVERSITY

CORONAVIRUS -STOP THE SPREAD - CLEAN,DISINFECT,COVER

Trade and politics in a Shona kingdom: (Record no. 12725)

MARC details
000 -LEADER
fixed length control field 00572nam a2200217Ia 4500
003 - CONTROL NUMBER IDENTIFIER
control field 0100
005 - DATE AND TIME OF LATEST TRANSACTION
control field 20180308143311.0
008 - FIXED-LENGTH DATA ELEMENTS--GENERAL INFORMATION
fixed length control field 130303s9999 xx 000 0 und d
020 ## - INTERNATIONAL STANDARD BOOK NUMBER
International Standard Book Number 582643546
040 ## - CATALOGING SOURCE
Transcribing agency ARRUPELIB
050 ## - LIBRARY OF CONGRESS CALL NUMBER
Classification number DT962.42.B471982
300 ## - PHYSICAL DESCRIPTION
Other physical details 291p. 23cm
100 ## - MAIN ENTRY--PERSONAL NAME
Personal name Bhila, H.H.K
9 (RLIN) 40384
245 ## - TITLE STATEMENT
Title Trade and politics in a Shona kingdom:
Remainder of title the Manyika and their African and Portuguese neighbours, 1575-1902 /
260 ## - PUBLICATION, DISTRIBUTION, ETC. (IMPRINT)
Place of publication, distribution, etc Harlow, Essex
Name of publisher, distributor, etc Longman
Date of publication, distribution, etc 1982
300 ## - PHYSICAL DESCRIPTION
Extent xvi
650 ## - SUBJECT ADDED ENTRY--TOPICAL TERM
Topical term or geographic name as entry element Manyika (African people)
General subdivision Commerce
9 (RLIN) 40385
650 ## - SUBJECT ADDED ENTRY--TOPICAL TERM
Topical term or geographic name as entry element Manyika (African people)
General subdivision Politics
9 (RLIN) 40386
650 ## - SUBJECT ADDED ENTRY--TOPICAL TERM
Topical term or geographic name as entry element Zimbabwe
General subdivision History
9 (RLIN) 10314
700 ## - ADDED ENTRY--PERSONAL NAME
Personal name H.H.K Bhila
9 (RLIN) 40387
942 ## - ADDED ENTRY ELEMENTS (KOHA)
Source of classification or shelving scheme Library of Congress Classification
Koha item type Monograph ( Printed materials)
Holdings
Withdrawn status Lost status Source of classification or shelving scheme Damaged status Not for loan Collection code Home library Current library Shelving location Date acquired Total Checkouts Full call number Barcode Date last seen Date checked out Copy number Price effective from Koha item type
    Library of Congress Classification     Main Collection ARRUPE LIBRARY ARRUPE LIBRARY   04/03/2013 5 DT962.42.B471982 46003034503 03/10/2024 05/02/2024 1 04/03/2013 Monograph ( Printed materials)

 

Arrupe Library. PO Box MP320 Mt Pleasant, Harare, Zimbabwe
263 242 745411|librarian@aju.ac.zw